| 000 | 00710nam a22002177a 4500 | ||
|---|---|---|---|
| 003 | 0 | ||
| 005 | 20251027152728.0 | ||
| 008 | 251027b xxu||||| |||| 00| 0 eng d | ||
| 020 | _a978-1-98469-557-4 | ||
| 050 |
_aGV 191.49.S64 _b.W75 2025 |
||
| 100 |
_aWright, Grace, _eauthor. |
||
| 245 |
_aSports tourism : _bevents and impact / _cGrace Wright. |
||
| 260 |
_aNew York, NY : _b3G E-Learning LLC, _c2025. |
||
| 300 |
_axviii, 252 pages : _bcolored illustrations ; _c26 cm. |
||
| 504 | _aIncludes bibliographical references and index. | ||
| 650 | _aSports tourism. | ||
| 650 |
_aSporting events _xEconomic aspects. |
||
| 650 |
_aTourism _xManagement. |
||
| 650 |
_aSports _xSocial aspects. |
||
| 942 |
_2lcc _cBK |
||
| 999 |
_c368354 _d368354 |
||